000 00933nam a2200253Ia 4500
003 OSt
005 20220923211134.0
006 a|||||r|||| 00| 0
007 ta
008 220922b |||||||| |||| 00| 0 hin d
020 _a8185671958
024 _a171,020
037 _cTextual
040 _aARTS
_cARTS
_bhin
041 _2hin
_ahin
082 _aV2,32:91.N98, 152N8
100 _aगौतम, ब्रजेन्द्र प्रताप
_9158651
245 0 _a1998 बारहवीं लोकसभा निर्वाचन एवं विश्लेषण
246 _a1998 bārahavīan lokasabhā nirvāchan evan vishleṣhaṇa
260 _aदिल्ली
_b भावना प्रकाशन
_c1998
300 _a429पृ.
_ccm.
942 _hV2,32:91.N98, 152N8
_cTEXL
_2CC
999 _c295829
_d295829